Books to Authors #11 - Statistics

General Stats
  • This quiz has been taken 164 times
  • The average score is 7 of 14
Answer Stats
Book Author % Correct
The Canterbury Tales Geoffrey Chaucer
93%
The Tempest William Shakespeare
90%
The Metamorphosis Franz Kafka
84%
Dubliners James Joyce
76%
The Stranger Albert Camus
60%
Waiting for Godot Samuel Beckett
59%
The Aeneid Virgil
57%
The Alchemist Paulo Coelho
46%
Dead Souls Nikolai Gogol
31%
The Waves Virginia Woolf
28%
The Unbearable Lightness of Being Milan Kundera
25%
Close Range: Wyoming Stories Annie Proulx
7%
Unless Carol Shields
2%
The Franchise Affair Josephine Tey
2%
No matching quizzes found
Score Distribution
Percent of People with Each Score
Percentile by Number Answered
Your Score History
You have not taken this quiz